[Event "19th Dubai Open 2017"]
[Site "Dubai UAE"]
[Date "2017.04.08"]
[Round "6.28"]
[White "Debashis, Das"]
[Black "Sidhant, Mohapatra"]
[Result "1/2-1/2"]
[WhiteTitle "GM"]
[WhiteElo "2501"]
[BlackElo "2341"]
[WhiteFideId "5024854"]
[BlackFideId "5028698"]
[EventDate "2017.04.03"]

1. d4 d5 2. c4 c6 3. cxd5 cxd5 4. Bf4 Nf6 5. Nc3 Nc6 6. e3 Bg4 7. Qb3 Na5 8.
Qa4+ Bd7 9. Qd1 e6 10. Bd3 Be7 11. Nf3 Nc6 12. h3 O-O 13. O-O Nh5 14. Bh2 f5 15.
Rc1 Nf6 16. a3 Ne4 17. b4 Qe8 18. Qe2 Rc8 19. Qb2 Bd6 20. Bxd6 Nxd6 21. a4 Qe7
22. b5 Na5 23. Qb4 b6 24. Rc2 Rfe8 25. Rfc1 Ndc4 26. Qxe7 Rxe7 27. Bxc4 Nxc4 28.
Nb1 a6 29. Na3 axb5 30. axb5 Nxa3 31. Rxc8+ Bxc8 32. Rxc8+ Kf7 33. g4 g6 34. Rc6
Nxb5 35. Rxb6 Nc7 36. Kg2 Ne8 37. Kg3 h6 38. Kf4 g5+ 39. Kg3 Nf6 40. Ne5+ Kg7
41. f3 h5 42. gxf5 h4+ 43. Kf2 exf5 44. Ra6 Rb7 1/2-1/2

[Event "19th Dubai Open 2017"]
[Site "Dubai UAE"]
[Date "2017.04.08"]
[Round "6.29"]
[White "Sameir, Ramez"]
[Black "Indjic, Aleksandar"]
[Result "0-1"]
[BlackTitle "GM"]
[WhiteElo "2062"]
[BlackElo "2589"]
[WhiteFideId "10606017"]
[BlackFideId "911925"]
[EventDate "2017.04.03"]

1. e4 g6 2. d4 Bg7 3. Nc3 a6 4. Be3 d6 5. Qd2 Nd7 6. O-O-O b5 7. Kb1 Nb6 8. Bd3
d5 9. f3 Rb8 10. Nxd5 Nxd5 11. exd5 Qxd5 12. Ne2 Nf6 13. Bh6 O-O 14. h4 Be6 15.
Nc3 Qxd4 16. h5 Nxh5 17. Be3 Qe5 18. g4 b4 19. Na4 Qd5 20. Bc4 Qxc4 21. b3 Qb5
22. gxh5 Qe5 23. Bd4 Qxd4 24. Qxd4 Bxd4 25. Rxd4 Rfd8 26. Rhd1 Rd6 27. hxg6 hxg6
28. Nc5 Bf5 29. R1d2 a5 30. Kc1 Kg7 31. Rc4 Rbd8 32. Rxd6 cxd6 33. Na4 Rb8 34.
Rc7 Rc8 35. Rxc8 Bxc8 36. Nb6 Bb7 37. f4 e5 38. fxe5 dxe5 39. Nc4 Kf6 40. Nxa5
Bd5 41. c4 bxc3 42. Kc2 g5 43. Kxc3 g4 44. Kd2 Ke6 45. Nc4 Bxc4 46. bxc4 Kd6 47.
a4 Kc5 48. a5 g3 0-1

[Event "19th Dubai Open 2017"]
[Site "Dubai UAE"]
[Date "2017.04.08"]
[Round "6.30"]
[White "Rayes, Abdul Kader"]
[Black "Schroeder, Jan-Christian"]
[Result "0-1"]
[BlackTitle "GM"]
[WhiteElo "2232"]
[BlackElo "2529"]
[WhiteFideId "7600801"]
[BlackFideId "24662259"]
[EventDate "2017.04.03"]

1. c4 Nf6 2. Nf3 e6 3. g3 d5 4. Bg2 dxc4 5. Qa4+ Bd7 6. Qxc4 c5 7. Ne5 Qc8 8.
Nxd7 Qxd7 9. O-O Be7 10. Nc3 Nc6 11. Qa4 Rc8 12. d3 O-O 13. Bf4 Rfd8 14. Rfc1 b6
15. Kf1 h6 16. h4 Nd5 17. Bd2 Bf6 18. Qg4 Nde7 19. Rd1 Ne5 20. Qh3 Nf5 21. Ne4
Be7 22. Bc3 Qc7 23. Rac1 Qb8 24. h5 Nd4 25. g4 Nd7 26. b3 a5 27. Bb2 Nf6 28.
Nxf6+ Bxf6 29. e3 Nb5 30. Bxf6 gxf6 31. a4 Nc7 32. Bc6 Nd5 33. Bb5 Qe5 34. Re1
Nb4 35. Rcd1 Nc2 36. Re2 Na3 37. Ba6 Ra8 38. Bb7 Rab8 39. Be4 Qc3 40. Qf3 Kg7
41. Qf4 Qxb3 42. Rc1 e5 43. Qf5 Rh8 44. d4 Rbe8 45. dxc5 Qxa4 46. cxb6 Nc4 47.
Rxc4 Qxc4 48. b7 Rd8 49. Bf3 Rhe8 50. Qe4 Qb3 51. Kg2 Re7 52. Re1 Rb8 53. Rb1
Qe6 54. Rb5 a4 55. Ra5 Rbxb7 56. Rxa4 Rb2 57. Rc4 Qd7 58. Rc2 Rxc2 59. Qxc2 e4
60. Be2 Qe6 61. Qc5 Qe5 62. Qc8 Rc7 63. Qb8 Qc5 64. Qa8 Qb4 65. Qa1 Rc2 66. g5
Qc3 67. gxh6+ Kxh6 68. Qa8 Qc8 69. Qxe4 Rxe2 70. Qf3 Qc2 71. Qxf6+ Kxh5 72. Qh8+
Kg5 73. Kg3 Qg6 74. Qh4+ Kf5+ 75. Kf3 Rc2 76. Qe4+ Kf6 77. Qd4+ Ke7 78. Qb4+ Kd8
79. Qa5+ Rc7 80. Qd5+ Rd7 81. Qa5+ Ke7 82. Qb4+ Qd6 83. Qe4+ Kf8 84. Qh4 Qd5+
85. e4 Qe5 86. Qg4 Rd3+ 87. Ke2 Rc3 88. Kf1 Rc1+ 89. Ke2 Rc4 90. Kf3 f5 0-1

[Event "19th Dubai Open 2017"]
[Site "Dubai UAE"]
[Date "2017.04.08"]
[Round "6.31"]
[White "Harikrishnan, A. Ra"]
[Black "Stany, G.A."]
[Result "1/2-1/2"]
[BlackTitle "IM"]
[WhiteElo "2305"]
[BlackElo "2495"]
[WhiteFideId "5081483"]
[BlackFideId "5029104"]
[EventDate "2017.04.03"]

1. e4 e5 2. Nf3 Nc6 3. Bb5 a6 4. Ba4 Nf6 5. O-O b5 6. Bb3 Nxe4 7. d4 d5 8. dxe5
Be6 9. c3 Qd7 10. Nbd2 Nc5 11. Bc2 Bg4 12. h3 Bh5 13. Nb3 Ne6 14. Bf5 Bxf3 15.
Qxf3 Nxe5 16. Qe2 Bd6 17. Nd4 O-O 18. Bxe6 fxe6 19. f4 Ng6 20. Qxe6+ Qxe6 21.
Nxe6 Rfe8 22. f5 Nf8 23. Bf4 Nxe6 24. Bxd6 cxd6 25. fxe6 Rxe6 26. a4 b4 27. cxb4
Re4 28. Rad1 d4 29. b5 axb5 30. axb5 Rb8 31. Rf5 Re5 32. Rf2 Rexb5 33. Rxd4 Rxb2
34. Rxb2 Rxb2 35. Rxd6 1/2-1/2

[Event "19th Dubai Open 2017"]
[Site "Dubai UAE"]
[Date "2017.04.08"]
[Round "6.32"]
[White "Dimarucut, Francis Erwin"]
[Black "Shyaamnikhil, P"]
[Result "0-1"]
[BlackTitle "IM"]
[WhiteElo "2211"]
[BlackElo "2454"]
[WhiteFideId "5209277"]
[BlackFideId "5024218"]
[EventDate "2017.04.03"]

1. c4 b6 2. Nf3 Bb7 3. d4 Nf6 4. g3 g6 5. Bg2 Bg7 6. O-O O-O 7. b3 c5 8. Bb2
cxd4 9. Bxd4 d6 10. Qc2 Nc6 11. Bc3 a6 12. a4 d5 13. cxd5 Qxd5 14. Ne5 Qxg2+ 15.
Kxg2 Nd4+ 16. Nf3 Nxc2 17. Ra2 Be4 18. Nd2 Rfc8 19. Bxf6 Bxf3+ 20. exf3 Bxf6 21.
Nc4 Nb4 22. Rd2 Rab8 23. Rd7 b5 24. Ne3 h5 25. f4 e6 26. g4 hxg4 27. Nxg4 Kg7
28. Re1 Nd5 29. Kg3 Rc7 30. Rxc7 Nxc7 31. Rc1 Nd5 32. Nxf6 Kxf6 0-1

[Event "19th Dubai Open 2017"]
[Site "Dubai UAE"]
[Date "2017.04.08"]
[Round "6.34"]
[White "Tania, Sachdev"]
[Black "Aliyev, Ravan"]
[Result "1/2-1/2"]
[WhiteTitle "IM"]
[WhiteElo "2429"]
[BlackElo "2256"]
[WhiteFideId "5007844"]
[BlackFideId "13409980"]
[EventDate "2017.04.03"]

1. d4 d5 2. c4 c6 3. Nf3 Nf6 4. Nc3 e6 5. Qb3 dxc4 6. Qxc4 b5 7. Qd3 a6 8. Bg5
c5 9. d5 b4 10. Ne4 Qxd5 11. Nxf6+ gxf6 12. Bxf6 Qxd3 13. exd3 Rg8 14. Nd2 Nd7
15. Bh4 Bb7 16. f3 Be7 17. Bf2 Bd5 18. Nc4 Bf6 19. O-O-O Bd4 20. Bg3 f5 21. Kb1
Kf7 22. Re1 Bxc4 23. dxc4 Nf6 24. Bf4 a5 25. g3 a4 26. Bc1 h5 27. Bd3 b3 28. a3
Rad8 29. Be2 Rh8 30. Rhf1 Rdg8 31. Bd3 Rd8 32. Be2 Rdg8 33. Bd3 Rd8 34. Be2 1/2-1/2

[Event "19th Dubai Open 2017"]
[Site "Dubai UAE"]
[Date "2017.04.08"]
[Round "6.35"]
[White "Bashirli, Nail"]
[Black "Ashwath, R."]
[Result "1/2-1/2"]
[WhiteTitle "IM"]
[WhiteElo "2369"]
[BlackElo "2242"]
[WhiteFideId "13406809"]
[BlackFideId "5021049"]
[EventDate "2017.04.03"]

1. e4 c5 2. Nf3 Nc6 3. Nc3 g6 4. Bc4 Bg7 5. O-O d6 6. Re1 e6 7. d3 Nge7 8. Bb3
O-O 9. Be3 Nd4 10. Bxd4 cxd4 11. Ne2 Nc6 12. c3 dxc3 13. bxc3 d5 14. exd5 exd5
15. d4 Qd6 16. Qd2 Na5 17. Qf4 Qd8 18. Ne5 Nc6 19. Rad1 Be6 20. Nd3 Na5 21. Qf3
Nxb3 22. axb3 Bf5 23. Ng3 Bxd3 24. Rxd3 Rc8 25. Ra1 a6 26. Nf1 Rc6 27. Ne3 Rd6
28. b4 Bh6 29. Ng4 Bg7 30. Re1 h5 31. Ne5 Re6 32. Rde3 Bxe5 33. dxe5 Rfe8 34.
Qd1 Rc6 35. Rg3 Kf8 36. Rd3 Qc7 37. Rxd5 Rxc3 38. Rd7 Qc6 39. Qd2 Rc2 40. Qd1
Rxe5 41. Rxe5 Rc1 42. Rd8+ Kg7 43. Rc5 Rxd1+ 44. Rxd1 Qe4 45. b5 Qb4 46. Rcd5 a5
47. h3 a4 48. Ra1 a3 49. Rdd1 Qb2 50. Rdb1 Qc2 51. Rc1 Qb2 52. Rab1 Qd2 53. Rd1
a2 54. Ra1 Qb2 55. b6 g5 56. Re1 Kg6 57. Red1 h4 58. Rd6+ Kf5 59. Rdd1 Kg6 60.
Re1 f6 61. Red1 Kf5 62. Rd5+ Kf4 63. Rdd1 f5 64. Re1 g4 65. Red1 Kg5 66. Rf1 g3
67. f4+ Kf6 68. Kh1 Ke7 69. Rfd1 Ke6 70. Re1+ Kd6 71. Rac1 Qxb6 72. Red1+ Ke7
73. Rc2 Qb1 74. Re2+ Kf6 75. Ree1 Qb4 76. Re2 Qb1 77. Ree1 Qb4 78. Re2 Qxf4 79.
Rxa2 Qe4 80. Rb2 f4 81. Rb3 Kf5 82. Rdb1 Ke6 83. Rb4 Qe3 84. Rb6+ Kd5 85. Rd1+
Kc5 86. Rf6 Qf2 87. Rf5+ Kb6 88. Rb1+ Kc6 89. Rf6+ Kd5 90. Rf8 b6 91. Rd8+ Ke4
92. Re8+ Kf5 93. Rf8+ Kg6 94. Rg8+ Kh7 95. Rf8 Kg7 96. Rf5 Qc2 97. Rg5+ Kh6 98.
Rgb5 f3 99. Rxb6+ Kh7 100. Rb7+ Kh8 101. Rb8+ Kh7 102. R8b7+ Kh8 1/2-1/2

[Event "19th Dubai Open 2017"]
[Site "Dubai UAE"]
[Date "2017.04.08"]
[Round "6.36"]
[White "Tissir, Mohamed"]
[Black "Nishant, Malhotra"]
[Result "1/2-1/2"]
[WhiteTitle "IM"]
[WhiteElo "2364"]
[BlackElo "2197"]
[WhiteFideId "9000240"]
[BlackFideId "5099129"]
[EventDate "2017.04.03"]

1. e4 e5 2. Nf3 Nc6 3. Bc4 Nf6 4. d3 Be7 5. O-O O-O 6. Re1 d6 7. c3 Na5 8. Bb5
a6 9. Ba4 b5 10. Bc2 c5 11. Nbd2 Nc6 12. Nf1 Re8 13. Ng3 h6 14. h3 Be6 15. d4
cxd4 16. cxd4 exd4 17. Nxd4 Nxd4 18. Qxd4 d5 19. e5 Nd7 20. Nf5 Bf8 21. Bf4 Rc8
22. Qd2 Bb4 23. Qxb4 Rxc2 24. Nd6 Rf8 25. Qb3 Rc6 26. Qg3 Kh8 27. Rad1 Nb6 28.
Rd4 Kh7 29. Qd3+ Kh8 30. Re3 Nc4 31. Rg3 g5 32. Bxg5 hxg5 33. Qe2 Kg7 34. f4
Nxd6 35. Rxg5+ Qxg5 36. fxg5 Ne4 37. Qf3 Rfc8 38. h4 Rh8 1/2-1/2

[Event "19th Dubai Open 2017"]
[Site "Dubai UAE"]
[Date "2017.04.08"]
[Round "6.37"]
[White "Thakur, Akash"]
[Black "Mona, Khaled"]
[Result "1-0"]
[WhiteTitle "FM"]
[BlackTitle "WGM"]
[WhiteElo "2363"]
[BlackElo "2166"]
[WhiteFideId "5008514"]
[BlackFideId "10605908"]
[EventDate "2017.04.03"]

1. e4 e5 2. Nf3 Nc6 3. d4 exd4 4. Nxd4 Nf6 5. Nxc6 bxc6 6. e5 Qe7 7. Qe2 Nd5 8.
c4 Ba6 9. b3 g6 10. g3 Bg7 11. Bb2 O-O 12. Bg2 Rfe8 13. O-O Nb6 14. Re1 d5 15.
Qd2 Rad8 16. Qa5 Bxc4 17. Nd2 Bd3 18. Rac1 Qd7 19. Qc3 Ba6 20. f4 Bb7 21. Nf3 a5
22. a4 Rc8 23. Qxa5 Ra8 24. Qc3 Nxa4 25. bxa4 Rxa4 26. Qb3 Raa8 27. e6 Qd8 1-0

[Event "19th Dubai Open 2017"]
[Site "Dubai UAE"]
[Date "2017.04.08"]
[Round "6.38"]
[White "Yohan, J."]
[Black "Saeed, Ishaq"]
[Result "0-1"]
[BlackTitle "FM"]
[WhiteElo "2164"]
[BlackElo "2360"]
[WhiteFideId "5058589"]
[BlackFideId "9301453"]
[EventDate "2017.04.03"]

1. d4 Nf6 2. Bg5 e6 3. e4 h6 4. Bxf6 Qxf6 5. c3 d5 6. Nd2 c5 7. Ngf3 Nc6 8. dxc5
Bxc5 9. exd5 exd5 10. Nb3 Bb6 11. Be2 O-O 12. O-O Rd8 13. Nfd4 Ne5 14. Qc2 a5
15. a4 Bd7 16. Bb5 Bg4 17. Rae1 Rd6 18. Re3 Rf8 19. Rfe1 Ng6 20. Rg3 Bc8 21. Rf3
Qg5 22. Rg3 Qd8 23. Rge3 Rf6 24. Re8 Qd6 25. Rxf8+ Nxf8 26. Re8 Bg4 27. Bd3 Bd7
28. Ra8 Bxa4 29. Bh7+ Kh8 30. Nf5 Bxb3 31. Nxd6 Bxc2 32. Bxc2 Bxf2+ 33. Kh1 Kg8
34. Nf5 Re6 35. g3 Bc5 36. Bd3 Re1+ 37. Kg2 Rd1 38. Bf1 b6 39. Rd8 g6 40. Nxh6+
Kg7 41. Ng4 Ne6 42. Rd7 Rd2+ 43. Kf3 d4 44. cxd4 Nxd4+ 45. Ke4 Nb3 46. Bd3 Bb4
47. Ke3 Nc5 48. Rd5 Nxd3 49. Rxd3 Rxb2 50. h4 a4 51. Ne5 Bc5+ 52. Ke4 a3 53. Rd7
Re2+ 0-1

[Event "19th Dubai Open 2017"]
[Site "Dubai UAE"]
[Date "2017.04.08"]
[Round "6.39"]
[White "Hesham, Abdelrahman"]
[Black "Vijay, Anand M."]
[Result "1-0"]
[WhiteTitle "GM"]
[WhiteElo "2348"]
[BlackElo "1956"]
[WhiteFideId "10600183"]
[BlackFideId "5018927"]
[EventDate "2017.04.03"]

1. d4 d5 2. c4 e6 3. Nc3 c6 4. Nf3 dxc4 5. a4 Bb4 6. e3 b5 7. Bd2 a5 8. axb5
Bxc3 9. Bxc3 cxb5 10. b3 Bb7 11. bxc4 b4 12. Bb2 Nf6 13. Bd3 Nbd7 14. O-O O-O
15. Re1 Re8 16. c5 Qc7 17. Bb5 Bc6 18. Bxc6 Qxc6 19. Qa4 Qd5 20. Rec1 Rec8 21.
Qd1 Rd8 22. Nd2 Ra6 23. Ra4 Ne4 24. Nxe4 Qxe4 25. Qe2 Rda8 26. Qb5 Qc6 27. Rxa5
Nb8 28. Rxa6 Qxb5 29. Rxa8 Qb7 30. Rca1 h5 31. c6 Qxc6 32. Rxb8+ Kh7 33. Rxb4
Qe4 34. h3 g5 35. Rb8 g4 36. hxg4 hxg4 37. Raa8 g3 38. Rh8+ Kg6 39. Rag8+ Kf6
40. d5+ e5 41. Rh6+ Ke7 42. Ba3+ Kd7 43. Rxg3 1-0

[Event "19th Dubai Open 2017"]
[Site "Dubai UAE"]
[Date "2017.04.09"]
[Round "7.1"]
[White "Jones, Gawain C B"]
[Black "Santos Latasa, Jaime"]
[Result "1-0"]
[WhiteTitle "GM"]
[BlackTitle "IM"]
[WhiteElo "2671"]
[BlackElo "2565"]
[WhiteFideId "409561"]
[BlackFideId "2293307"]
[EventDate "2017.04.03"]

1. e4 e5 2. Nf3 Nc6 3. d4 exd4 4. Nxd4 Bc5 5. Nxc6 bxc6 6. Bd3 d6 7. O-O Nf6 8.
Nc3 Ng4 9. Bf4 g5 10. Bg3 h5 11. Be2 h4 12. Bxd6 Bxf2+ 13. Rxf2 Nxf2 14. Qd4 f6
15. Bc5 Qxd4 16. Bxd4 Ng4 17. Rf1 O-O 18. Bc5 Be6 19. Bxg4 Bxg4 20. h3 Bh5 21.
Bxf8 Rxf8 22. Rf5 Bg6 23. Rc5 Rb8 24. b3 Rb6 25. Kf2 Kf8 26. Ra5 Rb7 27. Ra6 Be8
28. Na4 Ke7 29. c4 Kd6 30. Ke3 Bd7 31. Ra5 Rb8 32. Rxa7 f5 33. c5+ Ke5 34. exf5
Rc8 35. Nb6 cxb6 36. Rxd7 bxc5 37. Kd3 Ra8 38. a4 Rb8 39. Kc4 Rb4+ 40. Kc3 Kxf5
41. Rd2 Rb6 42. a5 Ra6 43. Ra2 Ke5 44. Kc4 Kd6 45. Ra1 1-0

[Event "19th Dubai Open 2017"]
[Site "Dubai UAE"]
[Date "2017.04.09"]
[Round "7.3"]
[White "Iturrizaga Bonelli, Eduardo"]
[Black "Karthikeyan, P."]
[Result "1-0"]
[WhiteTitle "GM"]
[BlackTitle "IM"]
[WhiteElo "2671"]
[BlackElo "2507"]
[WhiteFideId "3901211"]
[BlackFideId "5018226"]
[EventDate "2017.04.03"]

1. c4 e5 2. g3 Nf6 3. Bg2 Nc6 4. Nc3 Bb4 5. d3 O-O 6. Bd2 Re8 7. e4 a5 8. Nge2
Nd4 9. O-O c6 10. h3 h6 11. Nxd4 exd4 12. Ne2 Bxd2 13. Qxd2 c5 14. f4 d6 15. g4
Nh7 16. Ng3 Qh4 17. Qf2 Ra7 18. Rae1 b6 19. Re2 Rae7 20. Qe1 Kh8 21. b3 g6 22.
f5 gxf5 23. gxf5 Rg8 24. Kh2 Nf6 25. Bf3 Rg5 26. Rg1 Qf4 27. Rf2 Re8 28. Bd1 Qe5
29. Qd2 Reg8 30. Rf4 Kh7 31. Qf2 Nd7 32. Be2 Nf6 33. Rg2 a4 34. bxa4 Bd7 35. Bd1
Ra8 36. Rh4 Bxa4 37. Qd2 Kg7 38. Rxh6 Kxh6 39. h4 Nh7 40. hxg5+ Nxg5 41. Kg1 f6
42. Bxa4 Rxa4 43. Qe2 Ra7 44. Qh5+ Kg7 45. Qg6+ Kf8 46. Nh5 Rf7 47. Qh6+ Ke7 48.
Nxf6 Nf3+ 49. Kf2 Qxf6 50. Qxf6+ Kxf6 51. Kxf3 Rh7 52. Rg6+ Ke7 53. Kg2 Rh8 54.
e5 dxe5 55. Rxb6 Kf7 56. Re6 Ra8 57. Rxe5 Ra3 58. Rxc5 Rxd3 59. Rd5 Kf6 60. Kf2
Ra3 61. Ke2 Rc3 62. c5 Ra3 63. Kd2 Rc3 64. a4 Ra3 65. Rxd4 Ke5 66. Rc4 Kd5 67.
Rf4 Rh3 68. f6 Rh8 69. f7 Rf8 70. a5 Kxc5 71. a6 Kb6 72. Rf6+ Ka7 73. Ke3 1-0

[Event "19th Dubai Open 2017"]
[Site "Dubai UAE"]
[Date "2017.04.09"]
[Round "7.4"]
[White "Sargissian, Gabriel"]
[Black "Yilmaz, Mustafa"]
[Result "1/2-1/2"]
[WhiteTitle "GM"]
[BlackTitle "GM"]
[WhiteElo "2666"]
[BlackElo "2614"]
[WhiteFideId "13300881"]
[BlackFideId "6302718"]
[EventDate "2017.04.03"]

1. d4 d5 2. c4 e6 3. Nf3 Nf6 4. g3 Be7 5. Bg2 O-O 6. O-O dxc4 7. Qc2 a6 8. a4
Bd7 9. Qxc4 Bc6 10. Bf4 Bd6 11. Qc1 a5 12. Bd2 Re8 13. Rd1 Nbd7 14. Nc3 Nb6 15.
b3 Ne4 16. Nxe4 Bxe4 17. Ng5 Bxg2 18. Qc2 f5 19. Kxg2 Be7 20. Nf3 Bf6 21. Rac1
c6 22. Re1 Qd5 23. e4 fxe4 24. Qxe4 Qxe4 25. Rxe4 Nd7 26. Bf4 Nb6 27. h4 Nd5 28.
Bd2 h5 29. Rc5 Bd8 30. Ng5 Bxg5 31. hxg5 Kf7 32. Rxa5 Rxa5 33. Bxa5 Ra8 34. Bd2
b5 35. g6+ Kf6 36. a5 b4 37. Re5 Rxa5 38. Bxb4 Rb5 39. Bd6 Rxb3 40. Rxh5 Kxg6
41. Re5 Kf7 42. Re2 Ne7 43. Ra2 Rb7 44. Kf3 Rd7 45. Bc5 Nf5 46. Ke4 Nd6+ 47.
Bxd6 Rxd6 48. Rc2 Kf6 49. Rc5 g5 50. f3 Rd5 51. Rxc6 Ra5 52. g4 Rb5 53. Rd6 Ke7
54. Ra6 Kf6 55. Rd6 Ke7 56. Rc6 Kf6 57. Ra6 Rb1 58. Ra8 Re1+ 59. Kd3 Rd1+ 60.
Ke3 Re1+ 61. Kd2 Rb1 62. Ra6 Kf7 63. Ra3 Kf6 64. Kd3 Rd1+ 65. Kc4 Rc1+ 66. Rc3
Ra1 67. Kb5 Rb1+ 68. Kc5 Rb8 69. Kc4 Rb1 70. Kd3 Rd1+ 71. Ke3 Re1+ 72. Kd2 Ra1
73. Rc6 Kf7 74. Rc1 Ra2+ 75. Ke3 Rg2 76. Re1 Kf6 77. Ra1 Kf7 78. Ra7+ Kf6 79.
Ra6 Kf7 80. Ra5 Kf6 81. d5 exd5 82. Rxd5 Ra2 83. Rd6+ Kg7 84. Ke4 Ra4+ 85. Rd4
Ra5 86. Rd5 Ra4+ 87. Kf5 Rf4+ 88. Kxg5 Rxf3 89. Rd7+ Kg8 90. Kg6 Rf8 1/2-1/2

[Event "19th Dubai Open 2017"]
[Site "Dubai UAE"]
[Date "2017.04.09"]
[Round "7.5"]
[White "Korobov, Anton"]
[Black "Tari, Aryan"]
[Result "1-0"]
[WhiteTitle "GM"]
[BlackTitle "GM"]
[WhiteElo "2695"]
[BlackElo "2597"]
[WhiteFideId "14105730"]
[BlackFideId "1510045"]
[EventDate "2017.04.03"]

1. c4 e5 2. Qc2 Nf6 3. Nc3 Bb4 4. e3 Bxc3 5. Qxc3 Nc6 6. b4 d6 7. Bb2 O-O 8. Nf3
Bg4 9. b5 Ne7 10. d4 e4 11. Nd2 Ng6 12. h3 Bd7 13. g3 Re8 14. a4 h5 15. Bg2 Bf5
16. O-O Qd7 17. Kh2 c6 18. bxc6 bxc6 19. Qa5 Nf8 20. d5 c5 21. Bxf6 gxf6 22.
Rab1 Qe7 23. Qc3 Rab8 24. a5 Nd7 25. Kg1 Bg6 26. h4 f5 27. a6 Ne5 28. Rb5 Nd3
29. Rfb1 Nb4 30. R1xb4 cxb4 31. Qxb4 Qc7 32. Nb3 Rb6 33. Qa5 Ra8 34. Bf1 Qc8 35.
c5 Rxb5 36. Bxb5 dxc5 37. d6 Qd8 38. d7 c4 39. Qxd8+ Rxd8 40. Nd4 Kg7 41. Kf1
Kf6 42. Ke2 c3 43. Kd1 f4 44. exf4 Bf5 45. Nxf5 Kxf5 46. Kc2 e3 47. fxe3 Ke4 48.
Kxc3 Kxe3 49. Bc6 Kf2 50. Kd4 Kxg3 51. Ke5 Kxh4 52. Kf6 Kg4 53. Kxf7 Kxf4 54.
Ke7 Rxd7+ 55. Kxd7 1-0

[Event "19th Dubai Open 2017"]
[Site "Dubai UAE"]
[Date "2017.04.09"]
[Round "7.6"]
[White "Areshchenko, Alexander"]
[Black "Pantsulaia, Levan"]
[Result "1-0"]
[WhiteTitle "GM"]
[BlackTitle "GM"]
[WhiteElo "2686"]
[BlackElo "2589"]
[WhiteFideId "14109530"]
[BlackFideId "13602071"]
[EventDate "2017.04.03"]

1. e4 c5 2. Nf3 e6 3. d4 cxd4 4. Nxd4 a6 5. Nc3 b5 6. Bd3 Bb7 7. O-O Nc6 8. Nxc6
Bxc6 9. Re1 Bc5 10. Qh5 Bd4 11. Ne2 g6 12. Qh3 Bg7 13. f4 Ne7 14. c3 f5 15. e5
O-O 16. Be3 g5 17. fxg5 Ng6 18. Nf4 Nxe5 19. Be2 Ng6 20. Bh5 Nxf4 21. Bxf4 Be4
22. g6 d5 23. gxh7+ Kh8 24. Bf3 b4 25. Bxe4 dxe4 26. Rad1 Qb6+ 27. Be3 Qb5 28.
Bh6 Rf7 29. Bxg7+ Rxg7 30. Qe3 Rc8 31. cxb4 Qxb4 32. Re2 Rxh7 33. Red2 Qc5 34.
Rd8+ Kg7 35. R1d7+ Kg6 36. Rg8+ Rxg8 37. Qxc5 Rxd7 38. Qc6 Rd1+ 39. Kf2 Kf6 40.
Qc3+ Kf7 41. Qc7+ Kf6 42. Qc3+ Ke7 43. g3 Rd3 44. Qc7+ Kf6 45. Qc1 e3+ 46. Kf3
Rgd8 47. Qc4 R8d4 48. Qxa6 Rd6 49. Qc4 e5 50. Qh4+ Ke6 51. Qc4+ Kf6 52. Qh4+ Ke6
53. Qc4+ Ke7 54. Qh4+ Rf6 55. Ke2 e4 56. b4 Ke6 57. b5 f4 58. gxf4 Rg6 59. Qh3+
Kf6 60. Qh8+ Kf7 61. Qh5 Kg7 62. Qe5+ Rf6 63. b6 Rd7 64. a4 Kf7 65. b7 1-0

[Event "19th Dubai Open 2017"]
[Site "Dubai UAE"]
[Date "2017.04.09"]
[Round "7.7"]
[White "Rakhmanov, Aleksandr"]
[Black "Idani, Pouya"]
[Result "1/2-1/2"]
[WhiteTitle "GM"]
[BlackTitle "GM"]
[WhiteElo "2665"]
[BlackElo "2573"]
[WhiteFideId "4173708"]
[BlackFideId "12510130"]
[EventDate "2017.04.03"]

1. d4 Nf6 2. c4 e6 3. Nc3 Bb4 4. e3 b6 5. Bd3 Bb7 6. f3 c5 7. Ne2 cxd4 8. exd4
d5 9. a3 dxc4 10. Bxc4 Be7 11. O-O O-O 12. Be3 Na6 13. Qd3 Nc7 14. Bg5 Nfd5 15.
Bd2 Qd7 16. Bf4 Nxf4 17. Nxf4 Rad8 18. Rad1 Bf6 19. Nfe2 g6 20. Ne4 Bg7 21. Nf2
Nd5 22. Ng4 Qd6 23. f4 Ne7 24. Ne5 Nf5 25. Rf2 Qe7 26. Bb3 Ba8 27. Qh3 Rd6 28.
Bc2 Rfd8 29. Bxf5 exf5 30. Rc1 Re6 31. Qb3 Bd5 32. Qb4 Qxb4 33. axb4 f6 34. Nd3
Re3 35. Rc3 Bf8 36. Nec1 Rd7 37. Rd2 Bd6 38. Rc8+ Kg7 39. Kf2 Re4 40. Ne2 Bb7
41. Rc1 Ba6 42. g3 Rde7 43. b5 Bxb5 44. Nc3 Ba6 45. Ra1 Bc4 46. Ne1 R4e6 47. Nc2
b5 48. d5 Bc5+ 49. Kg2 Rd6 50. b4 Bb6 51. Na3 Re3 52. Nxc4 bxc4 53. Rc1 Rd7 54.
Na4 Rd3 55. Re2 R3xd5 56. Nxb6 axb6 57. Rxc4 Rd4 58. Rxd4 Rxd4 59. Re7+ Kh6 60.
b5 Rd5 61. Rf7 Rxb5 62. Rxf6 Rb2+ 63. Kf3 Kg7 64. Rc6 Rb3+ 65. Kg2 b5 66. Rc7+
Kf6 67. Rxh7 b4 68. Rb7 Rb2+ 69. Kh3 b3 70. Rb6+ Kf7 71. Rb7+ Kf6 72. Rb8 Ke6
73. Kh4 Rxh2+ 74. Kg5 b2 75. Kxg6 Rg2 76. Rb6+ Ke7 77. Kxf5 Rxg3 78. Rb7+ Ke8
79. Rxb2 Ra3 80. Kg6 Ra6+ 81. Kg7 Ra7+ 82. Kg8 Ke7 83. Rb6 Ra5 84. Kg7 Rf5 85.
Rb7+ Ke6 86. Rb4 Rf7+ 87. Kg6 Rf6+ 88. Kg5 Rf5+ 89. Kg4 Ra5 90. f5+ Kf7 91. Rb7+
Kf8 92. Kg5 Ra6 93. Rh7 Rb6 94. Rd7 Ra6 95. Kf4 Ra4+ 96. Ke5 Ra6 97. Rb7 Ra5+
98. Kf6 Ra6+ 99. Kg5 Rc6 100. Rh7 Ra6 101. Rh6 Rxh6 102. Kxh6 Kf7 103. Kg5 Kg7
104. Kf4 Kf6 105. Ke4 Kf7 106. Ke5 Ke7 107. f6+ Kf7 108. Kf5 Kf8 109. Ke6 Ke8
110. f7+ Kf8 111. Kf6 1/2-1/2

[Event "19th Dubai Open 2017"]
[Site "Dubai UAE"]
[Date "2017.04.09"]
[Round "7.8"]
[White "Amin, Bassem"]
[Black "Sunilduth Lyna, Narayanan"]
[Result "1-0"]
[WhiteTitle "GM"]
[BlackTitle "GM"]
[WhiteElo "2663"]
[BlackElo "2551"]
[WhiteFideId "10601457"]
[BlackFideId "5058422"]
[EventDate "2017.04.03"]

1. e4 e5 2. Nf3 Nc6 3. d4 exd4 4. Nxd4 Bc5 5. Nb3 Bb6 6. Nc3 Nf6 7. Qe2 O-O 8.
Bg5 h6 9. Bh4 a5 10. a4 Nd4 11. Qd3 Nxb3 12. cxb3 c6 13. O-O-O Qe7 14. Kb1 Bc7
15. Bg3 Bxg3 16. hxg3 d5 17. exd5 cxd5 18. Qd4 Qb4 19. Ka2 Bf5 20. Rd2 Rfd8 21.
f3 Qxd4 22. Rxd4 Be6 23. Bb5 Kf8 24. Ka3 Rac8 25. Rhd1 Ke7 26. b4 axb4+ 27. Kxb4
Rc7 28. g4 Rdc8 29. R4d2 Rc5 30. a5 Kd6 31. Rd4 Ke7 32. R1d2 R5c7 33. Re2 Kf8
34. Re5 Rc5 35. g5 hxg5 36. Rxg5 g6 37. Re5 Ne8 38. Bxe8 Kxe8 39. Rdxd5 Rxd5 40.
Nxd5 Rc2 41. b3 Rxg2 42. Nf4 Rf2 43. Nxe6 fxe6 44. Rb5 Rxf3 45. Rxb7 Kd8 46. a6
Kc8 47. Ka5 e5 48. b4 e4 49. Re7 Kb8 50. b5 e3 51. a7+ 1-0

[Event "19th Dubai Open 2017"]
[Site "Dubai UAE"]
[Date "2017.04.09"]
[Round "7.9"]
[White "Mareco, Sandro"]
[Black "Mastrovasilis, Athanasios"]
[Result "1-0"]
[WhiteTitle "GM"]
[BlackTitle "GM"]
[WhiteElo "2655"]
[BlackElo "2524"]
[WhiteFideId "112275"]
[BlackFideId "4201990"]
[EventDate "2017.04.03"]

1. d4 Nf6 2. c4 e6 3. Nc3 d5 4. cxd5 Nxd5 5. e4 Nxc3 6. bxc3 c5 7. Nf3 cxd4 8.
cxd4 Bb4+ 9. Bd2 Bxd2+ 10. Qxd2 O-O 11. Bc4 b6 12. O-O Bb7 13. Rfe1 Nd7 14. Rad1
Rc8 15. Bb3 Nf6 16. Qf4 Qc7 17. Qxc7 Rxc7 18. d5 exd5 19. exd5 Rd7 20. Ne5 Rd6
21. Nc6 Re8 22. Rxe8+ Nxe8 23. Nxa7 Nc7 24. a4 Kf8 25. f3 Ke7 26. Rb1 Rf6 27.
Bc2 Nxd5 28. Rb3 Nf4 29. Rb4 Nd5 30. Rb2 Ne3 31. Bd3 Rd6 32. Be2 Rg6 33. g3 Rf6
34. f4 Nd5 35. a5 Re6 36. a6 Ba8 37. Nb5 Rc6 38. Bf3 Rc1+ 39. Kf2 Nc3 40. Nxc3
Bxf3 41. Na2 1-0